01613cam a22004334i 4500003000900000005001700009008004100026020001500067020001800082035002000100040003300120049000900153082001900162245011400181264003000295300003900325336002100364337002500385338002300410505019700433526001000630526001000640526001000650526001000660526000800670526000800678526000800686526000800694526000800702526000800710526000800718700002700726910002800753596000600781942001400787999015500801980005500956952016801011PE-LiUPU20250731172855.0160822s r 000 0 spa d a8431329165 a9788431329167 a(Sirsi) a163070 aPE-LiUPUbspacPE-LiUPUerda aPRUA04a291.3bR3522000aRégimen legal de los lugares de culto :bnueva frontera de la libertad religiosa /cJorge, Otaduy (editor). aPamplona :bEUNSA,c2013. a479 páginas ;c24 centímetros. atext2rdacontent aunmediated2rdamedia avolume2rdacarrier0 aGiorgi Feliciani -- José María Vázquez Garía-Peñuela -- Montserrat Abumalham Mas -- Fernando Romero Saura -- José Tomás Martín de Agar -- Antonio Goñi Rodríguez de Almeida. aSEG42 aSEG41 aSEG40 aSEG39 aP94 aP87 aP86 aP85 aP77 aP76 aP351 aJorge, Otaduy,eautor. ajckbncfcncfd20160822 a1 2ddccBOOK a291.3 R35wDEWEYc11981i69502f2021-11-11g5lCCODEBUL1mBULp52.59r0sYtBOOKu2016-8-22xTEOLOGIAPP350COMPRAo.STAFF. Colección Generald11981 81gALBERTO SANCHEZ Responsable de Automatización r2025-12-02 00:00:00i6l0o291.3 R35p69502te1v57.59w2016-08-22xFTyBKzinventario-2023-12-13102ddc50708GENfP35aBULbBULcGENd2016-08-22eCOMPRAg52.59